书目信息 |
| 题名: |
学前心理学参考资料
|
|
| 作者: | 陈帼眉 , 冯晓霞 编 | |
| 分册: | ||
| 出版信息: | 北京 人民教育出版社 1991.11 |
|
| 页数: | 564页 | |
| 开本: | 20cm | |
| 丛书名: | ||
| 单 册: | ||
| 中图分类: | B844.12 | |
| 科图分类: | 59.824 | |
| 主题词: | 学前儿童-儿童心理学 , 儿童心理学-学前儿童 | |
| 电子资源: | ||
| ISBN: | 7-107-07100-9 | |
| 000 | 00946nam0 2200277 45 | |
| 001 | 0192012808 | |
| 005 | 20070619152448.56 | |
| 010 | @a7-107-07100-9@dCNY15.20 | |
| 020 | @aCN@b92012808 | |
| 100 | @a19921204d1991 kemy0chiy0121 ea | |
| 101 | 0 | @achi |
| 102 | @aCN@b110000 | |
| 105 | @ak z 000yy | |
| 200 | 10 | @a学前心理学参考资料@Axue qian xin li xue can kao zi liao@f陈帼眉,冯晓霞编@Fchen guo mei feng xiao xia bian |
| 210 | @a北京@c人民教育出版社@d1991.11@h1999 | |
| 215 | @a564页@d20cm | |
| 330 | @a本书内容包括:学前儿童心理学的基本理论和研究方法,学前儿童认知的发展,学前儿童情感和意志的发展,学前儿童的社会性、个性的发展。 | |
| 540 | 1 | @a学前 心理学@Axue qian xin li xue |
| 606 | @a学前儿童-儿童心理学 | |
| 606 | @a儿童心理学-学前儿童 | |
| 690 | @aB844.12 | |
| 692 | @a59.824 | |
| 701 | 0 | @a陈帼眉@Achen guo mei@4编 |
| 701 | 0 | @a冯晓霞@Afeng xiao xia@4编 |
| 801 | 0 | @aCN@bTSSF@c20070619 |
| 905 | @a10447@dB844.12@e770 | |
| 学前心理学参考资料/陈帼眉,冯晓霞编.-北京:人民教育出版社,1991.11(1999) |
| 564页;20cm |
| ISBN 7-107-07100-9:CNY15.20 |
| 本书内容包括:学前儿童心理学的基本理论和研究方法,学前儿童认知的发展,学前儿童情感和意志的发展,学前儿童的社会性、个性的发展。 |
| ● |
| 相关链接 |
|
|
|
|
正题名:学前心理学参考资料
索取号:B844.12/770
 
预约/预借
| 序号 | 登录号 | 条形码 | 馆藏地/架位号 | 状态 | 备注 |
| 1 | 0654462 | 206544621 | 第一样本阅览室/ [索取号:B844.12/770] | 在馆 | |
| 2 | 0654463 | 206544630 | 密集书库/ [索取号:B844.12/770] | 在馆 |